Veraguas indómita /
En el artículo se coloca la lucha y esfuerzo, de las personas más desposeídas de provincia de Veraguas, por desarrollarse y ser apreciadas en su justa valía. El artículo se divide en tres momentos, primero las batallas iniciales coloniales de los pueblos indígenas ante la llegada de Cristóbal Colón...
Uloženo v:
| Hlavní autor: | |
|---|---|
| Médium: | Kniha |
| Jazyk: | Spanish |
| Témata: | |
| Tagy: |
Přidat tag
Žádné tagy, Buďte první, kdo vytvoří štítek k tomuto záznamu!
|
MARC
| LEADER | 00000nam a22000007a 4500 | ||
|---|---|---|---|
| 003 | cru CIDCACS/IIS | ||
| 005 | 20230124062553.0 | ||
| 007 | ta | ||
| 008 | 170531s2015 pn ||||| |||| 00| 0 spa d | ||
| 999 | |c 19419 |d 19419 | ||
| 040 | |c cru CIDCACS/IIS | ||
| 100 | 1 | |9 4958 |a Santos, Erik | |
| 245 | 1 | |a Veraguas indómita / |c Erik Santos | |
| 300 | |a páginas 14-28 | ||
| 520 | |a En el artículo se coloca la lucha y esfuerzo, de las personas más desposeídas de provincia de Veraguas, por desarrollarse y ser apreciadas en su justa valía. El artículo se divide en tres momentos, primero las batallas iniciales coloniales de los pueblos indígenas ante la llegada de Cristóbal Colón en su último viaje, segundo las rebeliones ante el centralismo colombiano y tercero las nuevas resistencias populares, resaltando las demandas a favor del mejoramiento educativo, las luchas campesinas y las de las personas trabajadoras. KDV/160817 | ||
| 650 | 0 | |9 5206 |a GRUPOS DE BAJOS INGRESOS | |
| 650 | 0 | |9 4622 |a HUELGAS | |
| 650 | 0 | |9 5208 |a RESISTENCIA POPULAR |b RESISTENCIA POPULAR | |
| 650 | 0 | |9 1864 |a COLONIALISMO | |
| 650 | 0 | |9 5210 |a CENTRALIZACION |b CENTRALIZACI{ON | |
| 650 | 4 | |9 3244 |a LUCHA DE CLASES | |
| 650 | 0 | |a REBELION |9 5211 | |
| 650 | 1 | 0 | |9 624 |a CAMPESINADO |
| 650 | 1 | 0 | |9 1512 |a TRABAJADORES |
| 650 | 0 | |9 4725 |a INDIGENAS | |
| 651 | 1 | 0 | |9 353 |a PANAMA |
| 773 | 0 | |0 19259 |9 1029 |a Desarrollo Social y Cultural (Panamá) |d Panamá: Lotería Nacional de Beneficencia |o 17427 |t Lotería: |x 0024662X | |
| 942 | |2 ddc |c PP | ||
